Vyrovnávací cvičení - nadměrné prohnutí v bedrech

Bibliographic Details
Main Author: Chválová, Olga, 1957- (Author)
Format: Book
Language:Czech
Published: Praha Svojtka - Vašut 1992
Series:Záda už mě nebolí 2

MARC

LEADER 00000nam a2200000 a 4500
001 vtls001139459
003 SK-MaSNL
005 20260302064546.0
008 250414s1992 CS 0 cze
020 |a 8085521121 
035 |a SNK000082312 
040 |a SNK  |b slo  |c SNK  |e AACR2 
041 0 |a cze 
044 |a [CS] 
080 |a 613.72  |2 1981 
100 1 |a Chválová, Olga,  |d 1957-  |4 aut  |9 108506 
245 1 0 |a Vyrovnávací cvičení - nadměrné prohnutí v bedrech  |c Olga Chválová 
260 |a Praha  |b Svojtka - Vašut  |c 1992 
300 |a 24 s.  |c 24 cm 
490 0 |a Záda už mě nebolí  |v 2 
852 |a Slovenská národná knižnica 
919 |a 80-85521-12-1 
954 |a cvičenia telesné 
999 |c 1138136  |d 1140066 
952 |t P60, <04>, [BOOK], {604}  |a SNK  |b SNK  |y NEVYP  |7 0  |p 17A0163954  |o snkIC 122823 D1  |0 0  |1 1  |4 0  |d 1998-10-02  |l 0  |r 2005-01-01 00:00:00  |w 2026-02-24